[Event "BCF-ch"]
[Site "Brighton"]
[Date "1984.??.??"]
[Round "2"]
[White "Freeman, R."]
[Black "Kosten, Anthony C"]
[Result "0-1"]
[WhiteElo "2095"]
[BlackElo "2420"]

1.e4 e6 2.d4 d5 3.Nd2 a6 4.e5 Bd7 5.Ndf3 Bb5 6.Bxb5+ axb5 7.Bg5 Qd7 8.Ne2 h6
9.Bd2 Ne7 10.Bb4 Nbc6 11.Bxe7 Bxe7 12.O-O O-O 13.Ng3 f6 14.Qd3 fxe5 15.dxe5 Qe8
16.a3 Ra4 17.b4 Nd8 18.Ne2 c6 19.Nd2 Nf7 20.f4 Qa8 21.Nd4 Bxb4 22.Nxe6 Re8
23.Nxg7 Kxg7 24.f5 Bc5+ 25.Kh1 Rxe5 26.f6+ Kh8 27.Rae1 Rd4 28.Qc3 Rxe1 29.Rxe1 b6
30.Nb3 Re4 31.Rf1 Qe8 32.h3 Qe5 33.Qf3 Bd6  0-1

[Event "BCF-ch"]
[Site "Brighton"]
[Date "1984.??.??"]
[Round "3"]
[White "Mithrakanth, Poorna Sharma"]
[Black "Buchanan, H."]
[Result "1/2-1/2"]
[WhiteElo "2365"]
[BlackElo "2160"]

1.e4 e6 2.d4 d5 3.Nd2 a6 4.Bd3 c5 5.dxc5 Bxc5 6.Ngf3 Ne7 7.O-O Nbc6 8.Nb3 Ba7
9.c3 Bd7 10.Bf4 Qb6 11.a4 a5 12.Be3 Qc7 13.Nbd4 Bxd4 14.Nxd4 Nxd4 15.Bxd4 e5
16.Be3 O-O 17.exd5 Qd6 18.c4 f5 19.f4 Ng6 20.Qd2 exf4 21.Bxf4 Nxf4 22.Rxf4 b6
23.b3 Rae8 24.Rff1 Re5 25.Rae1 Rfe8 26.Rxe5 Qxe5 27.Qf2 Qe3 28.Qxe3 Rxe3
29.Bxf5 Bxf5 30.Rxf5 Rxb3 31.d6 Rd3 32.Rd5 Rxd5 33.cxd5 Kf7 34.Kf2 b5 35.axb5 a4
36.b6 a3 37.d7 a2 38.d8=Q a1=Q 39.Qc7+ Kg6 40.b7 Qd4+ 41.Ke2 Qe4+ 42.Kd1 Qd3+
43.Kc1 Qa3+ 44.Kd2 Qb4+ 45.Kd3 Qb1+ 46.Kd4 Qa1+ 47.Kd3 Qd1+ 48.Ke4 Qe1+ 49.Kf3 Qf1+
50.Kg3 Qd3+ 51.Kh4 Qe4+ 52.g4 Qe1+ 53.Qg3 Qe7+ 54.Kh3 Qxb7 55.Qd6+ Kf7 56.Qe6+ Kf8
57.Qf5+ Kg8 58.d6 g6 59.Qe6+ Qf7 60.Qc8+ Kg7 61.Qc3+ Kf8 62.Kg3 Qe6 63.Qc5 Kf7
64.Qd4 Qe1+ 65.Kh3 Qf1+ 66.Kh4 Qe1+ 67.Kh3 Qf1+ 68.Kg3 Qe1+ 69.Kf4 Ke6 70.d7 Qf1+
71.Ke3 Qg1+ 72.Kd3 Qd1+ 73.Kc4 Qa4+  1/2-1/2

[Event "BCF-ch"]
[Site "Brighton"]
[Date "1984.??.??"]
[Round "4"]
[White "Jackson, Sheila"]
[Black "Kosten, Anthony C"]
[Result "1-0"]
[WhiteElo "2190"]
[BlackElo "2420"]

1.e4 e6 2.d4 d5 3.Nd2 a6 4.Ngf3 c5 5.dxc5 Bxc5 6.Bd3 Nc6 7.O-O Nge7 8.Qe2 O-O
9.Nb3 Ba7 10.exd5 exd5 11.Be3 Bxe3 12.Qxe3 Qd6 13.Rfe1 Nf5 14.Qc5 Qxc5 15.Nxc5 Nd6
16.a3 b6 17.Na4 Rb8 18.Nc3 Bg4 19.Nxd5 Bxf3 20.gxf3 Nd4 21.Kg2 b5 22.Re5 Rfd8
23.c3 Nb3 24.Rd1 Kf8 25.Rh5 Ne8 26.Bc2 Nc5 27.Rxh7 g6 28.Rh4 Ne6 29.Re4 Nd6
30.Rh4 Kg7 31.b3 Rbc8 32.f4 Rc5 33.b4 Rc4 34.Rh3 Nf5 35.Kf1 Rxd5 36.Rxd5 Nxf4
37.Rxf5 Nxh3 38.Rf3 Nf4 39.Bb3 Re4 40.Re3 Rxe3 41.fxe3 Nd3 42.c4 Ne5 43.c5 Kf6
44.Ke2 Ke7 45.Bd5 Kd7 46.Kd2 Kc7 47.h3 f6 48.Kc3 g5 49.Kd4 Nd7 50.Ke4 Ne5
51.Kf5 Nc4 52.Kxf6 Nxa3 53.Bb3 Nc4 54.e4 a5 55.bxa5 Nxa5 56.Bd5 b4 57.e5 b3
58.e6 b2 59.Be4 Nc6 60.e7 Nxe7 61.Kxe7 b1=Q 62.Bxb1 Kc6 63.Kf6 Kxc5 64.Kxg5 Kd6
65.Kf6 Kd7 66.Bg6  1-0

[Event "BCF-ch"]
[Site "Brighton"]
[Date "1984.??.??"]
[Round "4"]
[White "Thomas, Nicholas"]
[Black "Giulian, Philip M"]
[Result "0-1"]
[WhiteElo "2040"]
[BlackElo "2230"]

1.e4 e6 2.d4 d5 3.Nd2 a6 4.exd5 exd5 5.Bd3 c5 6.dxc5 Bxc5 7.Ngf3 Qe7+ 8.Be2 Nf6
9.O-O O-O 10.Nb3 Ba7 11.Bg5 Nc6 12.Bd3 Bg4 13.h3 Bh5 14.Nbd2 h6 15.Bh4 g5
16.Bg3 Ne4 17.Re1 f5 18.c4 Nb4 19.Qb3 Qc5 20.Bxe4 dxe4 21.Rxe4 fxe4 22.Nxe4 Qc6
23.c5+ Qd5 24.Qxb4 Bxf3 25.gxf3 Rxf3 26.Re1 Raf8 27.Bd6 R8f7 28.Qa4 Qf5 29.Qd4 Qxh3
30.Nxg5 hxg5 31.Re8+ Rf8 32.Bxf8 Rxf8 33.Qd5+ Kg7 34.Re7+ Kg6 35.Re6+ Rf6
36.Re3 Qg4+ 37.Kf1 Qf5 38.Qg8+ Kh6 39.Rh3+ Qxh3+  0-1

[Event "BCF-ch"]
[Site "Brighton"]
[Date "1984.??.??"]
[Round "5"]
[White "Fuller, Keith"]
[Black "Shaw, Robert"]
[Result "1-0"]
[WhiteElo "2175"]
[BlackElo "2050"]

1.e4 e6 2.d4 d5 3.Nd2 Be7 4.Ngf3 Nf6 5.e5 Ne4 6.Bd3 Nxd2 7.Bxd2 c5 8.dxc5 Bxc5
9.O-O Nc6 10.c3 h6 11.Qe2 Bd7 12.Rfe1 a6 13.Rac1 b5 14.Be3 Qb6 15.Bxc5 Qxc5
16.Nd2 O-O 17.b4 Qa7 18.Nb3 f6 19.exf6 Rxf6 20.Nc5 e5 21.f3 Re8 22.Kh1 Bc8
23.Bc2 d4 24.Be4 dxc3 25.Bxc6 Rxc6 26.Rxc3 Qb8 27.Re3 Rf6 28.h3 Rf4 29.Nd3 Rd4
30.Nxe5 Qd6 31.Nc6 Rxe3 32.Qxe3 Rc4 33.Qe8+ Kh7 34.Ne7 h5 35.Qg8+ Kh6 36.Nxc8 Qd2
37.Re6+ Kg5 38.Qxg7+ Kh4 39.Kh2 Qf2 40.Qf6+  1-0

[Event "Lang mem 5th"]
[Site "Brno"]
[Date "1984.??.??"]
[Round "3"]
[White "Danek, Libor"]
[Black "Kwiecien, Zbigniew"]
[Result "1-0"]
[WhiteElo "2330"]
[BlackElo "2335"]

1.e4 e6 2.d4 d5 3.Nd2 a6 4.exd5 exd5 5.Bd3 c5 6.dxc5 Bxc5 7.Ngf3 Nc6 8.O-O Nge7
9.Nb3 Bd6 10.Nbd4 Qc7 11.Be3 Bg4 12.h3 Bd7 13.Re1 Nxd4 14.Bxd4 O-O 15.Be5 Ng6
16.Bxd6 Qxd6 17.Qd2 Rad8 18.Rad1 Qf6 19.Bxg6 hxg6 20.Qd4 Bf5 21.c3 Be4 22.Qxf6 gxf6
23.Nd4 g5 24.f3 Bg6 25.Re7 Rb8 26.Rde1 Rfd8 27.Rc7 Rd6 28.Ree7 b5 29.Red7 Rbb6
30.Rxd6 Rxd6 31.Rc6 Rxc6 32.Nxc6 Bb1 33.a3 Ba2 34.Nb4 Bc4 35.Nxa6 Kf8 36.Nc5 Ke7
37.b3 Be2 38.Kf2 Bd1 39.Ke1 Bc2 40.Kd2 Bb1 41.Ke3 Kd6 42.b4 Bg6 43.g3 f5
44.f4 f6 45.h4 g4 46.Kd4  1-0

[Event "Lang mem 5th"]
[Site "Brno"]
[Date "1984.??.??"]
[Round "7"]
[White "Bernard, Ryszard"]
[Black "Kwiecien, Zbigniew"]
[Result "1/2-1/2"]
[WhiteElo "2375"]
[BlackElo "2335"]

1.e4 e6 2.d4 d5 3.Nd2 a6 4.Ngf3 c5 5.exd5 exd5 6.dxc5 Bxc5 7.Nb3 Ba7 8.Bd3 Qe7+
9.Qe2 Nc6 10.Bg5 Qxe2+ 11.Kxe2 h6 12.Be3 Bxe3 13.Kxe3 Nf6 14.Rhe1 O-O 15.Kd2 Rd8  1/2-1/2

[Event "Alfoldi mem (Women)"]
[Site "Budapest"]
[Date "1984.??.??"]
[Round "?"]
[White "Ghinda, Eugenia"]
[Black "Levitina, Irina S"]
[Result "0-1"]
[WhiteElo "2060"]
[BlackElo "2245"]

1.e4 e6 2.d4 d5 3.Nd2 a6 4.Ngf3 c5 5.dxc5 Bxc5 6.Bd3 Ne7 7.O-O Nbc6 8.Nb3 Ba7
9.Qe2 O-O 10.Rd1 Qc7 11.Be3 Nb4 12.Bxa7 Rxa7 13.Qd2 Nxd3 14.cxd3 b6 15.Rac1 Qb8
16.Nbd4 e5 17.Nc6 Nxc6 18.Rxc6 Bd7 19.Rc2 d4 20.Ne1 a5 21.Rdc1 Be6 22.b3 h6
23.h3 f5 24.f3 f4 25.Rc6 Bd7 26.R6c2 Kh7 27.b4 Qd6 28.Rb1 Rfa8 29.bxa5 Rxa5
30.Rcb2 b5 31.Rc1 R8a7 32.Kh2 Ra3 33.Ra1 Rc3 34.Nc2 Ra4 35.Rab1 Qc7 36.Nb4 Qa5
37.Nd5 Raa3 38.Qe2 Rxd3 39.Qc2 Qd8 40.Qc5 Qg5  0-1

[Event "Politiken Cup"]
[Site "Copenhagen"]
[Date "1984.??.??"]
[Round "6"]
[White "Barczay, Laszlo"]
[Black "Wockenfuss, Klaus"]
[Result "1/2-1/2"]
[WhiteElo "2410"]
[BlackElo "2310"]

1.e4 e6 2.d4 d5 3.Nd2 a6 4.Ngf3 c5 5.c3 Nc6 6.Bd3 cxd4 7.cxd4 dxe4 8.Nxe4 Bb4+
9.Nc3 Nf6 10.O-O O-O 11.Bg5 Be7 12.Rc1 Nb4 13.Bb1 b5 14.a3 Nbd5 15.Qd3 g6
16.Nxd5 Nxd5 17.Bh6 Re8 18.Ne5 Bb7 19.Qf3 f5 20.Ba2 Qd6 21.Qg3 Bf8 22.Bxf8 Rxf8
23.h4 Nf6 24.Nxg6 Qxg3 25.Ne7+ Kf7 26.fxg3 Kxe7 27.Rc7+ Kd6 28.Rxb7 Rab8
29.Ra7 Ra8 30.Rb7  1/2-1/2

[Event "Czestochowa"]
[Site "Czestochowa"]
[Date "1984.??.??"]
[Round "?"]
[White "Flis, Jacek"]
[Black "Gizynski, Tomasz"]
[Result "1/2-1/2"]
[WhiteElo "2360"]
[BlackElo "2290"]

1.e4 e6 2.d4 d5 3.Nd2 a6 4.Ngf3 c5 5.exd5 exd5 6.Be2 Nc6 7.O-O Bd6 8.dxc5 Bxc5
9.Nb3 Ba7 10.c3 Nge7 11.Bf4 O-O 12.Qd2 Re8 13.Rfe1 Bg4 14.Nfd4 Qd7 15.Bd3 Bh5
16.Nxc6 Qxc6 17.Be3 Bxe3 18.Rxe3 Bg6 19.Nd4 Qd7 20.Bxg6 Nxg6 21.Rae1 Rxe3
22.Qxe3 h6 23.h3  1/2-1/2

[Event "DDR-ch 33th"]
[Site "Eilenburg"]
[Date "1984.??.??"]
[Round "13"]
[White "Womacka, Mathias"]
[Black "Knaak, Rainer"]
[Result "1/2-1/2"]
[WhiteElo "2200"]
[BlackElo "2490"]

1.e4 e6 2.d4 d5 3.Nd2 Be7 4.c3 c5 5.exd5 Qxd5 6.Ngf3 cxd4 7.Bc4 Qh5 8.Nxd4 Qxd1+
9.Kxd1 a6 10.Bd3 Nf6 11.Nc4 Nbd7 12.Ke2 Nd5 13.Rd1 O-O 14.Be4 N7f6 15.Bf3 Bd7
16.Bd2 Rac8 17.Ne5 Ba4 18.b3 Bd6 19.Nd3 Bd7 20.c4 e5 21.cxd5 exd4 22.Bf4 Rfe8+
23.Kd2 Bxf4+ 24.Nxf4 g5 25.Nh5 Nxh5 26.Bxh5 Re5 27.Re1 Rxd5 28.Bf3 Rf5 29.Re7 Bc6
30.Bxc6 Rxc6 31.Rf1 b6 32.Re2 Rd5 33.Rc1 Rxc1 34.Kxc1 d3 35.Rb2 b5 36.Kd2 f5
37.a3 Kf7 38.Rb1 Ke6 39.Rc1 Kd6 40.Rc3 Ke5 41.Rxd3 h5 42.Rxd5+ Kxd5 43.Kd3 Ke5
44.Ke3 h4 45.f3 a5 46.Kd3 Kf4 47.Ke2 g4 48.Kf2 g3+  1/2-1/2

[Event "Esbjerg"]
[Site "Esbjerg"]
[Date "1984.??.??"]
[Round "11"]
[White "Mestel, A Jonathan"]
[Black "Karlsson, Lars"]
[Result "1/2-1/2"]
[WhiteElo "2545"]
[BlackElo "2500"]

1.e4 e6 2.d4 d5 3.Nd2 a6 4.Ngf3 c5 5.exd5 exd5 6.dxc5 Bxc5 7.Nb3 Ba7 8.Bd3 Nf6
9.Qe2+ Qe7 10.Qxe7+ Kxe7 11.O-O Nc6 12.Re1+ Be6 13.Be3 Bxe3 14.Rxe3 Kd6 15.Rae1 Rhe8
16.c3 h6 17.Nfd4 Bd7 18.f3 Rxe3 19.Rxe3 Ne5 20.Bf1 Re8 21.Nd2 g5 22.g3 h5
23.Kg2 h4 24.Be2 hxg3 25.hxg3 Nh5 26.Bd1 f5 27.Re1 f4 28.g4 Ng3 29.Bc2 Rh8
30.Ne2 Nxe2 31.Rxe2 Bb5 32.Re1 Bc6 33.Bf5 Rh6 34.Rd1 Kc7 35.Re1 Nc4 36.Nxc4 dxc4
37.Re7+ Kb6 38.Re6  1/2-1/2

[Event "Bundesliga 8384"]
[Site "Germany"]
[Date "1984.??.??"]
[Round "?"]
[White "Zbikowski, Wolfgang"]
[Black "Ditt, Egon"]
[Result "1-0"]
[WhiteElo "2265"]
[BlackElo "2300"]

1.e4 e6 2.d4 d5 3.Nd2 Nc6 4.Ngf3 Nh6 5.c3 f5 6.exd5 exd5 7.Bd3 Be7 8.O-O O-O
9.Ne5 Nxe5 10.dxe5 f4 11.Nf3 c6 12.Re1 Bg4 13.Qc2 Bxf3 14.Bxh7+ Kh8 15.gxf3 Qd7
16.e6 Qd6 17.Bd3 Rf6 18.Qe2 Re8 19.Bd2 Bf8 20.Qf1 Kg8 21.Qh3 Qc7 22.Re2 Bd6
23.Rae1 Qe7 24.Qh5 Qf8 25.Kh1 Re7 26.c4 d4 27.c5 Bc7 28.b4 a5 29.bxa5 Qa8
30.Rg1 Kh8 31.Rg6 Qe8 32.Qg5 Rfxe6 33.Rexe6 Rxe6 34.Rxg7  1-0

[Event "Bundesliga 8384"]
[Site "Germany"]
[Date "1984.??.??"]
[Round "?"]
[White "Werner, Dimo"]
[Black "Ditt, Egon"]
[Result "1-0"]
[WhiteElo "2370"]
[BlackElo "2300"]

1.e4 e6 2.d4 d5 3.Nd2 Nc6 4.Ngf3 Nh6 5.c3 f5 6.exd5 exd5 7.Bb5 Nf7 8.Nb3 Bd6
9.Qe2+ Qe7 10.Na5 Qxe2+ 11.Kxe2 Kd7 12.Re1 a6 13.Bxc6+ bxc6 14.Kf1 c5 15.dxc5 Bxc5
16.Be3 Bb6 17.Nb3 Bxe3 18.Rxe3 Re8 19.Nc5+ Kd8 20.Rxe8+ Kxe8 21.Re1+ Kf8
22.Nd4 Ng5 23.f3 h6 24.h4 Nh7 25.Nde6+ Kf7 26.Nxc7 Rb8 27.Nxd5 Rxb2 28.Re7+ Kf8
29.Rc7 Rb8 30.Ne7 Rb1+ 31.Kf2 Rb2+ 32.Kg1 Nf6 33.Nxc8 Nd5 34.Ne6+ Kg8 35.Rxg7+ Kh8
36.Nd6  1-0

[Event "Bundesliga 8384"]
[Site "Germany"]
[Date "1984.??.??"]
[Round "?"]
[White "Nunn, John DM"]
[Black "Wockenfuss, Klaus"]
[Result "1/2-1/2"]
[WhiteElo "2600"]
[BlackElo "2310"]

1.e4 e6 2.d4 d5 3.Nd2 a6 4.Ngf3 c5 5.exd5 exd5 6.Be2 c4 7.O-O Bd6 8.b3 b5
9.a4 c3 10.axb5 cxd2 11.Bxd2 Bb7 12.bxa6 Nxa6 13.Bxa6 Rxa6 14.Qe2+ Qe7 15.Qb5+ Qd7
16.Qe2+ Qe7 17.Qb5+  1/2-1/2

[Event "Bundesliga 8384"]
[Site "Germany"]
[Date "1984.??.??"]
[Round "?"]
[White "Doncevic, Dario"]
[Black "Wockenfuss, Klaus"]
[Result "1/2-1/2"]
[WhiteElo "2340"]
[BlackElo "2355"]

1.e4 e6 2.d4 d5 3.Nd2 a6 4.Ngf3 c5 5.exd5 exd5 6.Be2 Nf6 7.O-O Be7 8.dxc5 Bxc5
9.Nb3 Ba7 10.c4 O-O 11.cxd5 Qxd5 12.Bg5 Qxd1 13.Raxd1 Nc6 14.Nbd4 Nxd4 15.Nxd4 Bxd4
16.Rxd4 Be6 17.a3 Rad8 18.Rfd1 Rxd4 19.Rxd4 Nd7 20.Bf3 h6 21.Be3 b5 22.h3 Ne5
23.Bb7 Bc8 24.Bd5 Re8 25.f4 Nc4 26.Bxc4 bxc4 27.Kf2 Be6 28.Rd6 Ra8 29.g4 g6
30.Bd4 h5 31.Kf3 hxg4+ 32.hxg4 Kf8 33.Bf6 Ke8 34.Kg3 a5 35.Kh4 a4 36.Rd4 Rb8
37.Kg3 Rb3+ 38.Kh4 Rd3 39.Rxd3 cxd3 40.Bc3 Kd7 41.Kg3 Kc6 42.Kf3 Kc5 43.g5 Bf5
44.Ke3 Kc4 45.Kd2 Kb3 46.Be5 Kc4 47.Bc3 Bd7 48.Bf6 Bc6 49.Bc3 Be4 50.Be5 Bf5  1/2-1/2

[Event "Bundesliga 8384"]
[Site "Germany"]
[Date "1984.??.??"]
[Round "?"]
[White "Wittmann, Rainer"]
[Black "Bednarski, Jacek B"]
[Result "1/2-1/2"]
[WhiteElo "2305"]
[BlackElo "2325"]

1.e4 e6 2.d4 d5 3.Nd2 Be7 4.Ngf3 Nh6 5.Bd3 Nc6 6.c3 f5 7.exf5 exf5 8.O-O O-O
9.Re1 f4 10.b4 Bf5 11.Nb3 Bd6 12.b5 Ne7 13.Ne5 Ng6 14.Bxf5 Rxf5 15.Nxg6 hxg6
16.Nd2 a6 17.bxa6 Rxa6 18.Qe2 Kh7 19.Nf3 Qa8 20.h3 Ra4 21.Qc2 b5 22.Re6 Qc8
23.Qe2 Qd7 24.Bd2 Ra8 25.Re1 Rxa2 26.Qd3 Ra1 27.Rxa1 Qxe6 28.Qxb5 Qf6 29.Ra8 g5
30.Qd3 Nf7 31.Re8 Qg6 32.Nh2 Nh6 33.Re1 Rf8 34.Qxg6+ Kxg6 35.Nf3 Nf7 36.Kf1 Kf5  1/2-1/2

[Event "NLD-ch"]
[Site "Hilversum"]
[Date "1984.??.??"]
[Round "1"]
[White "Van der Wiel, John TH"]
[Black "Bohm, Hans"]
[Result "1-0"]
[WhiteElo "2535"]
[BlackElo "2415"]

1.e4 e6 2.d4 d5 3.Nd2 Nc6 4.Ngf3 Nf6 5.e5 Nd7 6.Nb3 a5 7.Bf4 b6 8.c3 Ne7
9.Rc1 a4 10.Nbd2 c5 11.Bb5 a3 12.b4 Ng6 13.Bg5 Be7 14.Bxe7 Qxe7 15.bxc5 bxc5
16.h4 Ba6 17.Qa4 O-O 18.Bxa6 Nb8 19.h5 Nh8 20.h6 g6 21.Nh2 f5 22.exf6 Qxf6
23.Ng4 Qf4 24.Qd1 Rxa6 25.g3 Qf5 26.O-O Nd7 27.Rb1 Nf7 28.Rb7 Nf6 29.Nxf6+ Qxf6
30.Nb3 cxd4 31.Nc5 Rd6 32.cxd4 Nxh6 33.Nd7 Qg7 34.Qa4 Nf5 35.Qa7 Nxd4 36.Nxf8 Nf3+
37.Kg2 Qxf8 38.Rb8  1-0

[Event "NLD-ch"]
[Site "Hilversum"]
[Date "1984.??.??"]
[Round "2"]
[White "Van Mil, Johannes A J"]
[Black "Bohm, Hans"]
[Result "1/2-1/2"]
[WhiteElo "2400"]
[BlackElo "2415"]

1.e4 e6 2.d4 d5 3.Nd2 Nc6 4.Ngf3 Nf6 5.e5 Nd7 6.Be2 b6 7.O-O f6 8.Bb5 Bb7
9.exf6 Qxf6 10.c4 Nxd4 11.Nxd4 Qxd4 12.Qa4 c6 13.Bxc6 O-O-O 14.Nf3 Qxc4 15.Bxd7+ Rxd7
16.Qxd7+ Kxd7 17.Ne5+ Kc8 18.Nxc4 dxc4 19.Be3 Bd5 20.f4 g6 21.Bd4 Rg8 22.Kf2 Kb7
23.g4 Bd6 24.Ke3 Rf8 25.a3 b5 26.h4 a5 27.Rf2 Kc6 28.Rg1 Ra8 29.g5 Rf8 30.Rg3 Rf5
31.h5 Bc5 32.hxg6 hxg6 33.Rg4 b4 34.axb4 axb4 35.Rh2 e5 36.fxe5 Rxe5+ 37.Kd2 Bxd4
38.Rxd4 Rxg5 39.Rhh4 Rg2+ 40.Kc1 b3 41.Rd2 Rg1+ 42.Rd1 Rg2 43.Rd2 Rg5 44.Rh8 Rf5
45.Re2 g5 46.Kd2 Kc5 47.Rh7 g4 48.Rg7 Kb4 49.Re8 Rf2+ 50.Re2 Rf8 51.Re5 Rd8
52.Rg6 Bf7+ 53.Kc1 Bxg6 54.Rb5+ Kxb5  1/2-1/2

[Event "NLD-ch"]
[Site "Hilversum"]
[Date "1984.??.??"]
[Round "6"]
[White "Kuijf, Marinus"]
[Black "Bohm, Hans"]
[Result "0-1"]
[WhiteElo "2405"]
[BlackElo "2415"]

1.e4 e6 2.d4 d5 3.Nd2 Be7 4.Bd3 c5 5.dxc5 Nf6 6.Qe2 Bxc5 7.Ngf3 Nc6 8.O-O Nb4
9.Bb5+ Bd7 10.c3 Nc6 11.exd5 Nxd5 12.Ne4 Be7 13.Rd1 Qc7 14.Bg5 f6 15.Bh4 Nf4
16.Qe3 O-O-O 17.Bg3 e5 18.c4 Be6 19.Nc3 g5 20.Rac1 Rxd1+ 21.Rxd1 Rd8 22.Rxd8+ Bxd8
23.Qe4 a6 24.Bxc6 Qxc6 25.Qxc6+ bxc6 26.Bxf4 gxf4 27.b3 Bf5 28.a3 Be7 29.b4 Bd3
30.c5 Kd7 31.Nd2 f5 32.Na4 e4 33.Nb6+ Ke6 34.Ndc4 Bf6 35.g3 f3 36.Na5 f4
37.gxf4 e3 38.f5+ Kxf5  0-1

[Event "JUG-ch"]
[Site "?"]
[Date "1984.??.??"]
[Round "7"]
[White "Djuric, Stefan"]
[Black "Nikolic, Predrag"]
[Result "1/2-1/2"]
[WhiteElo "2500"]
[BlackElo "2570"]

1.e4 e6 2.d4 d5 3.Nd2 a6 4.Ngf3 c5 5.exd5 exd5 6.c3 Nc6 7.Bd3 cxd4 8.Nxd4 Nxd4
9.cxd4 Bd6 10.O-O Ne7 11.Nf3 O-O 12.Re1 h6 13.h3 Bf5 14.Rxe7 Bxd3 15.Rxb7 Bb5
16.a4 Qc8 17.Rb6 Bc7 18.Rxh6 gxh6 19.axb5 Qe6 20.bxa6 Rxa6 21.Rxa6 Qxa6 22.Qd2 Ra8
23.b3 Qg6 24.Qc3 Bd6 25.Ne5 Bxe5 26.dxe5 d4 27.Qxd4 Qb1 28.Qg4+ Kh8 29.Qf4 Rc8
30.Qxh6+ Kg8 31.Qg5+ Kf8 32.Qh6+ Ke8 33.Qh8+ Kd7 34.e6+ fxe6 35.Qg7+ Kd6
36.Qd4+  1/2-1/2

[Event "JUG-ch"]
[Site "?"]
[Date "1984.??.??"]
[Round "8"]
[White "Marjanovic, Slavoljub"]
[Black "Kovacevic, Vlatko"]
[Result "1-0"]
[WhiteElo "2525"]
[BlackElo "2555"]

1.e4 e6 2.d4 d5 3.Nd2 Nc6 4.c3 e5 5.exd5 Qxd5 6.Ngf3 exd4 7.Bc4 Qh5 8.cxd4 Nf6
9.O-O Be7 10.Ne5 Qxd1 11.Rxd1 Nd8 12.d5 O-O 13.Bb3 a5 14.a4 Nd7 15.Nxd7 Bxd7
16.Nc4 Bg4 17.f3 Bd7 18.Bf4 Bc5+ 19.Kh1 c6 20.Rac1 b6 21.Ne5 Be8 22.d6 Ne6
23.Bxe6 fxe6 24.Bg3 Be3 25.Rc3 Bg5 26.d7 Rd8 27.Rxc6  1-0

[Event "JUG-ch"]
[Site "?"]
[Date "1984.??.??"]
[Round "11"]
[White "Hulak, Krunoslav"]
[Black "Nikolic, Predrag"]
[Result "1-0"]
[WhiteElo "2510"]
[BlackElo "2570"]

1.e4 e6 2.d4 d5 3.Nd2 a6 4.Ngf3 c5 5.exd5 exd5 6.Be2 Nf6 7.O-O c4 8.Re1 Be7
9.b3 b5 10.a4 c3 11.axb5 cxd2 12.Bxd2 O-O 13.c4 dxc4 14.bxc4 Bb7 15.Ba5 Qc8
16.b6 Nc6 17.Bd3 Bb4 18.Bxb4 Nxb4 19.Bf1 Rd8 20.Qb3 a5 21.c5 Bd5 22.Bc4 Qb7
23.Ne5 Nc6 24.Bxd5 Nxd5 25.Nxc6 Qxc6 26.Qa4 Nb4 27.Reb1 Kf8 28.g3 Qxa4 29.Rxa4 Ke7
30.d5 Nxd5 31.c6 Nc3 32.Re1+ Kd6 33.Rc4 Nd5 34.c7 Nxc7 35.Rxc7 Rf8 36.Rd1+ Ke6
37.b7 Rab8 38.Rdc1 Rfd8 39.Rc8 Ke7 40.R1c7+ Kd6 41.Rc6+ Ke7 42.R6c7+ Kd6
43.Rc4 Ke7 44.Re4+ Kf6 45.Rc6+ Kf5 46.Rf4+ Ke5 47.Rxf7  1-0

[Event "White Knights"]
[Site "Leningrad"]
[Date "1984.??.??"]
[Round "?"]
[White "Yudasin, Leonid"]
[Black "Pytel, Krzysztof"]
[Result "1/2-1/2"]
[WhiteElo "2460"]
[BlackElo "2410"]

1.e4 e6 2.d4 d5 3.Nd2 a6 4.Ngf3 c5 5.dxc5 Bxc5 6.Bd3 Ne7 7.O-O Nbc6 8.exd5 exd5
9.Nb3 Ba7 10.Re1 O-O 11.Bg5 h6 12.Bh4 Be6 13.Ne5 Nxe5 14.Rxe5 Qd6 15.Re1 Qd7
16.Bg3 Nc6 17.Qd2 Rfe8 18.Qf4 Rad8 19.a3 Bb8 20.Qh4 Ba7 21.h3 f5  1/2-1/2

[Event "White Knights"]
[Site "Leningrad"]
[Date "1984.??.??"]
[Round "?"]
[White "Lukin, Andrei M"]
[Black "Cherepkov, Alexander V"]
[Result "1/2-1/2"]
[WhiteElo "2470"]
[BlackElo "2425"]

1.e4 e6 2.d4 d5 3.Nd2 a6 4.Ngf3 c5 5.dxc5 Bxc5 6.Bd3 Nc6 7.exd5 exd5 8.O-O Nge7
9.Nb3 Bd6 10.Bg5 O-O 11.Re1 Qc7 12.Bh4 Nf5 13.Bxf5 Bxf5 14.Bg3 Rad8 15.Bxd6  1/2-1/2

[Event "White Knights"]
[Site "Leningrad"]
[Date "1984.??.??"]
[Round "?"]
[White "Aseev, Konstantin N"]
[Black "Rivas Pastor, Manuel"]
[Result "1/2-1/2"]
[WhiteElo "2390"]
[BlackElo "2500"]

1.e4 e6 2.d4 d5 3.Nd2 Be7 4.Ngf3 Nf6 5.e5 Nfd7 6.Bd3 c5 7.c3 cxd4 8.cxd4 b6
9.O-O Ba6 10.Ne1 Bxd3 11.Nxd3 Nc6 12.Qg4 Nf8 13.Qxg7 Ng6 14.Nb3 h5 15.Be3 Nb8
16.Rac1 Nd7 17.Rc6 Ndf8 18.Rfc1 Rh7 19.Qg8 Rh8  1/2-1/2

[Event "Lvov"]
[Site "Lvov"]
[Date "1984.??.??"]
[Round "2"]
[White "Malaniuk, Vladimir P"]
[Black "Eingorn, Vereslav S"]
[Result "0-1"]
[WhiteElo "2485"]
[BlackElo "2475"]

1.e4 e6 2.d4 d5 3.Nd2 a6 4.Ngf3 c5 5.exd5 exd5 6.Be2 c4 7.O-O Bd6 8.b3 cxb3
9.axb3 Ne7 10.Ne5 O-O 11.Ndf3 Nbc6 12.Re1 Bf5 13.Bd3 Rc8 14.c3 Bxd3 15.Qxd3 Ng6
16.Nxc6 Rxc6 17.c4 Bb4 18.Re2 Re8 19.Rxe8+ Qxe8 20.Be3 h6 21.h3 Qe6 22.cxd5 Qxd5
23.Rc1 Rxc1+ 24.Bxc1 Bd6 25.Be3 b5 26.Qc3 Kh7 27.Kf1 Ne7 28.Ne1 Nc6 29.Qc2+ g6
30.Nf3 a5 31.Bd2 Bf8 32.h4 Kg8 33.Be3 h5 34.Kg1 Be7 35.Kf1 Kg7 36.Bd2 Bf6
37.Qc5 Qxc5 38.dxc5 Be7 39.Be3 Kf6 40.Ke2 Ke6 41.Ne1  0-1

[Event "Naleczow"]
[Site "Naleczow"]
[Date "1984.??.??"]
[Round "?"]
[White "Sokolov, Andrei"]
[Black "Bany, Jerzy"]
[Result "1-0"]
[WhiteElo "2505"]
[BlackElo "2460"]

1.e4 e6 2.d4 d5 3.Nd2 a6 4.Ngf3 c5 5.exd5 exd5 6.dxc5 Bxc5 7.Nb3 Ba7 8.Qe2+ Qe7
9.Bd2 Be6 10.Bc3 Nf6 11.Bd4 Nc6 12.Bxa7 Rxa7 13.O-O-O O-O 14.Nfd4 a5 15.Nb5 Raa8
16.N3d4 Rac8 17.f3 Nd7 18.Qe3 Nc5 19.Kb1 Rfe8 20.Bd3 Bd7 21.Qxe7 Rxe7 22.c3 g6
23.Bc2 Ne6 24.Nd6 Rb8 25.N4b5 Nf8 26.Rxd5 Re2 27.Ne4 Be6 28.Rd2 Rxd2 29.Nxd2 Rd8
30.Ne4 Bf5 31.Ned6 Bxc2+ 32.Kxc2 Rd7 33.Ne4 Kg7 34.Rd1 Re7 35.Nd4 Ne5 36.Nd6 b6
37.Re1 Nc6 38.Rxe7 Nxe7 39.Kd3 Nd7 40.Kc4 Ne5+ 41.Kb5 Nd5 42.c4 Ne3 43.b3  1-0

[Event "Novi Sad"]
[Site "Novi Sad"]
[Date "1984.??.??"]
[Round "?"]
[White "Sokolov, Andrei"]
[Black "Kovacevic, Vlatko"]
[Result "1-0"]
[WhiteElo "2505"]
[BlackElo "2510"]

1.e4 e6 2.d4 d5 3.Nd2 Nc6 4.c3 e5 5.exd5 Qxd5 6.Ngf3 exd4 7.Bc4 Qh5 8.cxd4 Nf6
9.O-O Be7 10.Re1 O-O 11.h3 Bd6 12.Nf1 h6 13.Ng3 Bxg3 14.fxg3 Rd8 15.g4 Qa5
16.Be3 Nd5 17.Bf2 Be6 18.g5 h5 19.g6 Ne3 20.gxf7+ Kf8 21.Bxe3 Bxc4 22.Ng5 Ne5
23.Qxh5  1-0

[Event "Novi Sad"]
[Site "Novi Sad"]
[Date "1984.??.??"]
[Round "?"]
[White "Popovic, Petar"]
[Black "Nikolic, Predrag"]
[Result "1/2-1/2"]
[WhiteElo "2525"]
[BlackElo "2585"]

1.e4 e6 2.d4 d5 3.Nd2 a6 4.Ngf3 c5 5.exd5 exd5 6.dxc5 Bxc5 7.Nb3 Ba7 8.Bg5 Ne7
9.Qd2 Nbc6 10.Be2 h6 11.Be3 Bxe3 12.Qxe3 O-O 13.O-O Bf5 14.Nfd4 Be4 15.c3 Re8
16.Rfe1 Nxd4 17.Nxd4 Qb6 18.Qd2 Nc6 19.Bf1 Nxd4 20.cxd4 Bf5 21.Rxe8+ Rxe8
22.Rc1 Rc8 23.Rxc8+ Bxc8 24.b4 Bd7 25.Qc3 Bb5 26.Bxb5  1/2-1/2

[Event "Novi Sad"]
[Site "Novi Sad"]
[Date "1984.??.??"]
[Round "?"]
[White "Popovic, Petar"]
[Black "Kovacevic, Vlatko"]
[Result "1-0"]
[WhiteElo "2525"]
[BlackElo "2510"]

1.e4 e6 2.d4 d5 3.Nd2 Nc6 4.Ngf3 Nf6 5.e5 Nd7 6.Bb5 a6 7.Bxc6 bxc6 8.Nb3 c5
9.Bg5 Be7 10.Bxe7 Qxe7 11.O-O a5 12.Qd2 a4 13.Nxc5 Nxc5 14.dxc5 Qxc5 15.b4 Qb6
16.a3 O-O 17.Rfe1 c5 18.Qe3 Ba6 19.bxc5 Qc7 20.Rab1 Rfc8 21.Rb4 Qxc5 22.Qxc5 Rxc5
23.Nd4 Rc4 24.Reb1 g5 25.Rxc4 Bxc4 26.Rb7 Ba6 27.Rb4 Bc8 28.g3 Kg7 29.f4 gxf4
30.gxf4 Kg6 31.Kf2 Ra7 32.Rb1 Kg7 33.Ke3 Rc7 34.Kd2 Bd7 35.Rb8 Rc4 36.c3 Rc7
37.Kd3 Bc8 38.Rb6 Bd7 39.Kd2 Ra7 40.Ne2 Bc8 41.Ng3 Rc7 42.Rb4 Ra7 43.Kd3 Kg6
44.Rb1 Rc7 45.Kd2 Kh6 46.Rb4 Bd7 47.Rb8 Kg7 48.Rd8 Bc8 49.Ne2 Bd7 50.Nd4 Rb7
51.Kc2 Rc7 52.Rb8 Ra7 53.Kd3 Rc7 54.Kd2 Ra7 55.Nc2 Rc7 56.Ne3 Ra7 57.Kd3 f6
58.Ng4 fxe5 59.Nxe5 Rc7 60.Kd4 h5 61.h4 Bc8 62.Rb1 Kf6 63.Rg1 Ba6 64.Rg8 Rc8
65.Rg5 Be2 66.Nd7+ Kf7 67.Ne5+ Kf6 68.Ke3 Bb5 69.Kd2 Be8 70.Rg8 Ra8 71.Ke3 Rc8
72.Kd4 Ra8 73.f5 exf5 74.Rf8+ Ke7 75.Ng6+ Kd8 76.Nf4 Rb8 77.Nxd5 Rb3 78.Ke5 Rxa3
79.Nf6 Rxc3 80.Rxe8+  1-0

[Event "CAN-ch"]
[Site "Ottawa"]
[Date "1984.??.??"]
[Round "13"]
[White "Kopec, Danny"]
[Black "Baragar, Fletcher"]
[Result "1/2-1/2"]
[WhiteElo "2390"]
[BlackElo "2280"]

1.e4 e6 2.d4 d5 3.Nd2 a6 4.Ngf3 c5 5.exd5 exd5 6.dxc5 Bxc5 7.Nb3 Ba7 8.Be2 Nc6
9.c3 Nf6 10.O-O O-O 11.Bg5 Re8 12.Nbd4 Qd6 13.Re1 Ne4 14.Bh4 Bg4 15.Nxc6  1/2-1/2

[Event "Rubinstein mem"]
[Site "Polanica Zdroj"]
[Date "1984.??.??"]
[Round "8"]
[White "Barbulescu, Dan"]
[Black "Eingorn, Vereslav S"]
[Result "1/2-1/2"]
[WhiteElo "2465"]
[BlackElo "2495"]

1.e4 e6 2.d4 d5 3.Nd2 a6 4.Ngf3 c5 5.exd5 exd5 6.dxc5 Bxc5 7.Nb3 Ba7 8.Bd3 Qe7+
9.Qe2 Bg4 10.O-O Qxe2 11.Bxe2 Nc6 12.Re1 Nge7 13.h3 Bf5 14.c3 O-O 15.Bf4 Rad8
16.Bf1 Be4 17.Nfd2 Bg6 18.Nf3 Be4 19.Nfd2  1/2-1/2